Modelovanie preplňovania v spaľovacích motoroch

Gespeichert in:
Bibliographische Detailangaben
1. Verfasser: Fečo, Miloš (Verfasst von)
Weitere Verfasser: Bucz, Štefan (Betreuung Doktorarbeit)
Format: Manuskript Buch
Sprache:Slowakisch
Veröffentlicht: 2016
Schlagworte:
Online-Zugang:http://is.stuba.sk/zp/portal_zp.pl?podrobnosti=130878
Tags: Tag hinzufügen
Keine Tags, Fügen Sie das erste Tag hinzu!

MARC

LEADER 00000ntm a22000003a 4500
001 stuzp54624
003 SK-STU
005 20160719154621.7
007 ta
008 150427s2015----xo-----f-mn---000-0-slo-d
040 |a STU  |b slo 
041 0 |a slo 
044 |a xo 
100 1 |a Fečo, Miloš  |u 030400  |4 aut  |U FEI Fakulta elektrotechniky a informatiky  |T FEI Ústav automobilovej mechatroniky  |X 72682  |U E400  |Y 642  |7 72682 
242 0 1 |a Modeling supercharging in internal combustion engines  |y eng 
245 1 0 |a Modelovanie preplňovania v spaľovacích motoroch 
260 |c 2016 
300 |a 50 s., príl.,  |b CD-ROM 
650 4 |a preplňovanie  |2 slo 
650 4 |a motor  |2 slo 
650 4 |a turbodúchadlo  |2 slo 
650 4 |a turbocharger  |2 eng 
650 4 |a turbocharged  |2 eng 
650 4 |a engine  |2 eng 
700 1 |a Bucz, Štefan  |4 ths  |X 17719  |7 A000017719 
856 4 |u http://is.stuba.sk/zp/portal_zp.pl?podrobnosti=130878 
996 |b 284ER02011  |c E*Bc- 2011  |l EE33  |s P  |a 0  |w stuzp54624_0001 
SQL |a stuzp54624  |b DBP  |c SLO  |d Modelovanie preplňovania v spaľovacích motoroch  |e 72682  |f Fečo, Miloš  |g 030400  |h 17719  |i Bucz, Štefan  |j 20160707  |k 75  |l 03  |m http://is.stuba.sk/zp/portal_zp.pl?podrobnosti=130878  |n B-ELN  |o 5.2.13. elektronika